000 00543nam a22001817a 4500
003 CEME
005 20210628201850.0
008 210208b xxu||||| |||| 00| 0 eng d
020 _a81-203-2588-5
040 _c.
082 _a621.3822 FOG
100 _aFogel, David.B
_957164
245 _aEvolutionary computation ,principles and practice for signal processing
260 _aNEW DLEHI
_bPRENTICE HALL OF INDIA
_c2004
300 _aXII,167P
650 _aEVOLUTIONARY COMPUTATION PRACTICE FOR SIGNAL PROCESSING
_957165
942 _cBK
_2ddc
999 _c567464
_d567464